Homologie des algèbres commutatives /

Guardado en:
Autor Principal: André, M.
Formato: Libro
Idioma:French
Publicado: Berlin : Springer-Verlag, 1974.
Series:Die Grundlehren der mathematischen Wissenschaften in Einzeldarstellungen mit besonderer Berücksichtigung der Anwendungsgebiete ; Bd. 206
Materias:
Etiquetas: Agregar Etiqueta
Sin Etiquetas, Sea el primero en etiquetar este registro!
LEADER 00817cam a2200229 a 4500
001 MAT.inmabb004194
008 740819s1974####gw#######b####001#0#fre##
005 20130301151854.0
245 1 0 |a Homologie des algèbres commutatives /  |c Michel André. 
260 |a Berlin :  |b Springer-Verlag,  |c 1974. 
300 |a xv, 338 p. ;  |c 24 cm. 
440 4 |a Die Grundlehren der mathematischen Wissenschaften in Einzeldarstellungen mit besonderer Berücksichtigung der Anwendungsgebiete ;  |v Bd. 206 
504 |a Bibliografía: p. [334]-338. 
510 4 |a MR,  |c 50 #4707 
020 |a 3540065210 
100 1 |a André, M.  |q (Michel) 
650 0 |a Algebra, Homological. 
650 0 |a Commutative rings. 
084 |a 13Dxx (14D15 12Gxx)  |2 msc2000 
010 |a  73015289  
040 |a DLC  |c DLC  |d DLC 
859 |h 13  |i An555  |p A-6565  |b BIB. MATEMATICA